basic Kurdistan history quiz - Statistics

General Stats
  • This quiz has been taken 35 times
  • The average score is 9 of 15
Answer Stats
Hint Answer % Correct
founder of the PKK apo ocalan
84%
What is the name of the Kurdish New Year celebration ? newroz
84%
greater kurdistan capital (Unofficial) Amed (diyarbakir)
75%
what is the name of kurdish forces in rojava ? YPG
69%
year of Halabja chemical attack 1988
66%
What percentage voted “Yes” in 2017 referendum for independence ? 92.7
66%
least spoken dialect Gorani (Hawrami)
63%
year of the revolution (bashur) 1991
59%
What mountain range is Kurdistan largely part of ? zagros
59%
Which treaty (1923) removed hopes for Kurdish independence? Treaty of Lausanne
53%
ancient people are often considered ancestors of the Kurds medes
47%
african leader that supported the kurdish cause Nelson mandela
47%
leader of the kurdistan republic (rojhelat) qazi muhammed
44%
what city is known as the capital of literature Sulaymaniyah
44%
year of formation of the above republic 1946
41%
No matching quizzes found
Score Distribution
Percent of People with Each Score
Percentile by Number Answered
Your Score History
You have not taken this quiz